000 00886nam a2200289 i 4500
001 000012489
003 DO-SdBNP
005 20260526103355.0
007 ta
008 091113s1995 dr r 001 f spa d
040 _aDO-SdBNP
_bspa
_cBNPHU
_erda
041 _aspa
082 4 _aRD863.44
_bG277t
_222
100 1 _aGautier, Manuel Salvador,
_d1930-2021
_eautor
_4aut.
_929016
245 1 0 _aToda la vida :
_bnovela /
_cManuel Salvador Gautier.
250 _aprimera edición
264 1 _aSanto Domingo :
_bEditora Corripio,
_c1995.
300 _a435 páginas ;
_c23 cm.
336 _atexto
_btxt
_2rdacontent
337 _asin mediación
_bn
_2rdamedia
338 _avolumen
_bnc
_2rdacarrier
590 _aInventariado, 2020/BT
650 4 _aNovela dominicana
_9223
650 4 _aLiteratura dominicana.
_967
910 _aValidado. Control de calidad. MMOLINA
942 _2ddc
_cLBS1
999 _c12145
_d12145